00496nam a2200169Ia 450000500170000000800410001702000170005808200130007510000150008824500290010326000460013230000180017865000100019694200060020695200990021299900150031120250405150536.0240331s9999 xx 000 0 und d a978955095068 bTHAa894 aThamarai,A 0aVitpanaikku otu katpanai aColombobPuravalar Puththaka Poongac2009 aViii, 70 p ., aPoems cL 001040708LaWERCLbWERCLcSSCd2024-03-31l0o 894.811 THAp6627r2024-03-31w2024-03-31yL c5417d5417